Elenca la formazione - Quiz n°224 - Statistics

Statistiche generali
  • Questo quiz è stato fatto 69 volte
  • Il punteggio medio è 5 su 11
Statistiche sulle risposte
Ruolo Club dell'epoca Calciatore % Corretto
Attaccante Barcellona Thierry Henry
88%
Centrocampo Bayern Monaco Franck Ribéry
76%
Centrocampo Chelsea Claude Makélélé
68%
Difensore Manchester United Patrice Evra
61%
Difensore Barcellona Éric Abidal
58%
Attaccante Olympique Lione Karim Benzema
56%
Difensore Arsenal William Gallas
36%
Portiere Olympique Lione Grégory Coupet
20%
Centrocampo Olympique Lione Jérémy Toulalan
10%
Centrocampo Olympique Lione Sidney Govou
7%
Difensore Olympique Lione François Clerc
3%
Nessun quiz corrispondente trovato
Distribuzione punteggi
Percentuale di utenti per punteggio
Percentile per numero di risposta
I tuoi punteggi nel tempo
Non hai fatto questo quiz